000 00691nam a2200205 i 4500
001 146260
003 ES-MaACL
005 20230906201454.0
007 t|
008 070906s1960 sp ||||1| spa d
245 0 0 _aTransmisiones automáticas /
_cpor el Cuerpo de Redactores Técnicos de la revista The Motor ; traducción por Amadeo Tomba Rossell.
250 _a1ª ed.
260 _aBarcelona :
_bJosé Montesó,
_c1960.
300 _a115 p. :
_bil. ;
_c18 cm.
490 1 _aGuía del Automovilista Práctico ;
_v6
700 0 _aTomba Rosell, Amadeo.
_9110540
830 0 _aGuía del Automovilista Práctico ;
_v6
_9220824
852 _aES-MaACL
_jE-3694
999 _c146260
_d146260